| 000 | 00470nam a2200169Ia 4500 | ||
|---|---|---|---|
| 003 | GCL | ||
| 008 | 140319s9999 xx 000 0 ara d | ||
| 040 |
_aGCL / _cGCL |
||
| 082 | 0 | 4 |
_a375.001 _bم ت |
| 100 | 1 | _aمحمود احمد شوقى | |
| 245 | 1 | 0 |
_aتطور المناهج الدراسية / _cمحمود احمد شوقى |
| 300 | _a360 ص | ||
| 490 | _a | ||
| 650 | 0 | 4 | _aالتعليم - مناهج |
| 650 | 0 | 4 | _aالمناهج - تطوير |
| 942 |
_2ddc _cBK |
||
| 999 |
_c41494 _d41494 |
||